00349nam a2200121 a 4500008004100000050001400041100001500055245006700070260003800137300001000175350000900185700003300194120416s1972 ||||||||||||||||| || u aHX 56 Afa aGibbons, J10aSocialism and communismctranslated from Russian by J. Gibbons aMoscowbProgress Publishersc1972 a182p. a0.00 aAfanasev, Viktor Grigorevich